| 000 | 00569nam a2200229Ia 4500 | ||
|---|---|---|---|
| 003 | OSt | ||
| 005 | 20221005124816.0 | ||
| 006 | a|||||r|||| 00| 0 | ||
| 007 | ta | ||
| 008 | 221004b |||||||| |||| 00| 0 eng d | ||
| 024 | _a70539 | ||
| 037 | _cTextual | ||
| 040 |
_aCRL _cCRL _beng |
||
| 041 |
_2eng _aeng |
||
| 082 | _aY1:1:7, J1;1-;2 | ||
| 100 | _aRussell Bertrand | ||
| 245 | 0 | _aNew hopes for a changing world | |
| 260 | _c1951 | ||
| 650 | _aSOCIOLOGY | ||
| 942 |
_hY1:1:7, J1;1-;2 _cTEXL _2cc |
||
| 999 |
_c1051658 _d1051658 |
||